La independencia de Chile: tradición, modernización y mito

Сохранить в:
Библиографические подробности
Главный автор: Jocelyn-Holt Letelier, Alfredo (autor)
Формат:
Язык:испанский
Опубликовано: Madrid, España MAPFRE 1992
Серии:Colección Independencia de Iberoamérica, 5
Предметы:
Метки: Добавить метку
Нет меток, Требуется 1-ая метка записи!

MARC

LEADER 00000nam a2200000 a 4500
001 UCX6980
003 CL-VaPUC
005 20220314155235.0
008 930907e19920000SP |||||||||||||||||spa|d
999 |c 226908  |d 226906 
040 |c Pontificia Universidad Católica de Valparaíso 
082 0 4 |a 983.04 JOC 1992  |2 21 
100 |a Jocelyn-Holt Letelier, Alfredo  |e autor  |9 739950 
245 1 3 |a La independencia de Chile:  |b  tradición, modernización y mito 
260 |a Madrid, España  |b MAPFRE  |c 1992 
300 |a 362 páginas 
490 0 |a Colección Independencia de Iberoamérica,  |v  5 
583 |a last modification  |c 19930907 00:00:00  |k Rodrigo Vera 
650 7 |a GUERRA DE INDEPENDENCIA  |2 CL-VaPUC  |9 316044  |x HISTORIA DE CHILE  |y 1810-1824 
852 |a BIBCUR 
942 |c BK  |2 ddc 
945 |d 19930907 00:00:00 
952 |0 0  |1 0  |2 ddc  |4 0  |6 983_040000000000000_JOC_1992  |7 0  |8 R  |9 225564  |a BIBHIS  |b BIBHIS  |d 2019-11-15  |i 1290401  |l 5  |o 983.04 JOC 1992  |p 1290401  |r 2024-01-30  |s 2023-09-04  |t 1  |w 2019-11-15  |y BK_R  |k HIS